[Event "Prague op"]
[Site "Prague"]
[Date "2025.03.05"]
[Round "7"]
[White "Polyakov, Maxim"]
[Black "Isik, Alparslan"]
[Result "0-1"]
[WhiteElo "2327"]
[BlackElo "2477"]
[PlyCount "92"]
[EventDate "2025.02.27"]
[EventType "swiss"]
[EventRounds "9"]
[EventCountry "CZE"]
[SourceTitle "CB11_2025"]
[SourceDate "2025.03.12"]
[SourceVersion "1"]
[SourceVersionDate "2025.03.12"]
[SourceQuality "1"]

1. c4 e5 2. Nc3 Nc6 3. Nf3 Nf6 4. h3 Bb4 5. Nd5 Bd6 6. d3 h6 7. e4 0-0 8. Be2 Bc5 9. 0-0 d6 10. Be3 Be6 11. a3 a5 12. Rb1 Nd4 13. Bxd4 Bxd4 14. Nxd4 exd4 15. Nxf6+ Qxf6 16. f4 a4 17. Bg4 Bxg4 18. Qxg4 Ra6 19. Qd7 Qd8 20. Qxd8 Rxd8 21. b4 axb3 22. Rxb3 b6 23. Ra1 Ra5 24. Rb5 Rda8 25. Rd5 Rxa3 26. Rxa3 Rxa3 27. Rxd4 Kf8 28. e5 dxe5 29. fxe5 Ke7 30. Rd5 Ke6 31. Kf2 Ra5 32. Rd8 Rxe5 33. Rg8 g6 34. Rc8 Kd7 35. Rf8 Re7 36. g4 c6 37. Rh8 b5 38. cxb5 cxb5 39. Rb8 Kc6 40. d4 Rb7 41. d5+ Kc7 42. Ra8 b4 43. Ke3 b3 44. Ra1 b2 45. Rb1 Kd6 46. Kd4 f5 0-1

[Event "Kiev Spring op"]
[Site "Kiev"]
[Date "2023.03.26"]
[Round "2"]
[White "Polyakov, Maxim"]
[Black "Parhomenko, Dmytro"]
[Result "1-0"]
[WhiteElo "2362"]
[BlackElo "1511"]
[PlyCount "49"]
[EventDate "2023.03.25"]
[EventType "swiss"]
[EventRounds "9"]
[EventCountry "UKR"]
[SourceTitle "EXT 2024"]
[Source "ChessBase"]
[SourceDate "2023.10.10"]
[SourceVersion "1"]
[SourceVersionDate "2023.10.10"]
[SourceQuality "1"]

1. Nf3 Nf6 2. c4 c5 3. Nc3 Nc6 4. g3 g6 5. Bg2 Bg7 6. 0-0 0-0 7. d4 cxd4 8. Nxd4 Nh5 9. Nb3 b6 10. c5 Bb7 11. cxb6 axb6 12. Be3 Na5 13. Bxb7 Nxb7 14. Nd5 Bxb2 15. Bxb6 Qe8 16. Nc7 Qc8 17. Rb1 Bf6 18. Nxa8 Qxa8 19. Qxd7 Nd6 20. a4 Nc4 21. a5 Rb8 22. Nd2 Nxb6 23. axb6 Rd8 24. b7 Qb8 25. Qxd8+ 1-0

[Event "Mariupol CC 50th Aniversary"]
[Site "Mariupol"]
[Date "2021.06.12"]
[Round "8"]
[White "Hryshchenko, Kamila"]
[Black "Polyakov, Maxim"]
[Result "0-1"]
[WhiteElo "2048"]
[BlackElo "2375"]
[PlyCount "118"]
[EventDate "2021.06.08"]
[EventType "swiss"]
[EventRounds "9"]
[EventCountry "UKR"]
[SourceTitle "EXT 2023"]
[Source "ChessBase"]
[SourceDate "2022.10.05"]
[SourceVersion "1"]
[SourceVersionDate "2022.10.05"]
[SourceQuality "1"]

1. e4 Nf6 2. d3 d5 3. Nd2 Nc6 4. g3 e5 5. Bg2 Bc5 6. Ngf3 0-0 7. c3 a5 8. a4 Re8 9. 0-0 Ba7 10. Qe2 Be6 11. Ng5 Bg4 12. Ngf3 Qd7 13. Re1 Rad8 14. Qf1 h6 15. h3 Be6 16. Kh2 dxe4 17. dxe4 Qd3 18. Qxd3 Rxd3 19. Bf1 Rdd8 20. Kg2 g5 21. Bb5 g4 22. hxg4 Nxg4 23. Rf1 f5 24. Nh2 Nf6 25. exf5 Bxf5 26. Re1 Be6 27. Ndf1 Kg7 28. Kg1 Bd7 29. Ne3 Bxe3 30. Bxe3 Ne7 31. Rad1 Bxb5 32. axb5 Ned5 33. Bd2 Nb6 34. Nf3 Nc4 35. Bc1 Rxd1 36. Rxd1 a4 37. Kg2 e4 38. Ne1 Re5 39. Rd4 Nb6 40. Nc2 Rxb5 41. c4 c5 42. Rxe4 Nxe4 43. cxb5 Nc4 44. f4 Ned6 45. Kf3 Nxb5 46. Ke4 Nc7 47. Ne1 Kf6 48. g4 Nd6+ 49. Kf3 Ne6 50. f5 Nd4+ 51. Kg2 h5 52. gxh5 Kxf5 53. Nd3 b6 54. Nf4 Nb3 55. Be3 Nc4 56. Kf2 Kg5 57. Kf3 Nxb2 58. h6 Kxh6 59. Nd3+ Kh7 0-1

[Event "Eljanov Memorial 6th"]
[Site "Chess.com INT"]
[Date "2020.10.29"]
[Round "6"]
[White "Kononets, Igor"]
[Black "Polyakov, Maxim"]
[Result "0-1"]
[WhiteElo "2114"]
[BlackElo "2375"]
[PlyCount "58"]
[EventDate "2020.10.29"]
[EventType "swiss (blitz)"]
[EventRounds "9"]
[EventCountry "UKR"]
[SourceTitle "CBM 199 Extra"]
[Source "ChessBase"]
[SourceDate "2021.01.31"]
[SourceVersion "1"]
[SourceVersionDate "2021.01.31"]
[SourceQuality "1"]

1. d4 Nc6 2. Nf3 d6 3. c4 e5 4. d5 Nce7 5. Nc3 Nf6 6. e4 Ng6 7. Be2 Be7 8. 0-0 0-0 9. Ne1 Nd7 10. Nd3 Bg5 11. g3 a6 12. f4 exf4 13. gxf4 Bf6 14. Be3 Re8 15. Bf3 b6 16. Kh1 Nh4 17. Rg1 Qe7 18. Nf2 Nc5 19. Rg3 Nxf3 20. Qxf3 Bxc3 21. bxc3 Nxe4 22. Rgg1 Nxf2+ 23. Bxf2 Qe4 24. Qg2 Bf5 25. Bd4 Qxg2+ 26. Kxg2 Bd3 27. Kf3 g6 28. Rg5 Bxc4 29. f5 Bxd5+ 0-1

[Event "Lutsk Nebesna Sotnya Memorial rap"]
[Site "Lutsk"]
[Date "2018.02.18"]
[Round "9"]
[White "Polyakov, Maxim"]
[Black "Mischuk, Dmitry"]
[Result "0-1"]
[WhiteElo "2402"]
[BlackElo "2383"]
[PlyCount "36"]
[EventDate "2018.02.17"]
[EventType "swiss (rapid)"]
[EventRounds "11"]
[EventCountry "UKR"]
[SourceTitle "CBM 182 Extra"]
[Source "ChessBase"]
[SourceDate "2018.02.23"]
[SourceVersion "1"]
[SourceVersionDate "2018.02.23"]
[SourceQuality "1"]

1. c4 c6 2. Nf3 d5 3. e3 Nf6 4. Nc3 e6 5. b3 Bd6 6. Bb2 Qe7 7. Rc1 0-0 8. Be2 a6 9. d4 Nbd7 10. 0-0 b6 11. Re1 Bb7 12. Bd3 Bb4 13. Qc2 h6 14. Red1 c5 15. a3 Bxc3 16. Bxc3 Ne4 17. Bb2 Rac8 18. dxc5 Ndf6 0-1

[Event "Lutsk Nebesna Sotnya Memorial blitz"]
[Site "Lutsk"]
[Date "2017.02.17"]
[Round "8"]
[White "Alexikov, Alexander"]
[Black "Polyakov, Maxim"]
[Result "1-0"]
[WhiteElo "2315"]
[BlackElo "2405"]
[PlyCount "76"]
[EventDate "2017.02.17"]
[EventType "swiss (blitz)"]
[EventRounds "15"]
[EventCountry "UKR"]
[SourceTitle "CBM 176 Extra"]
[Source "ChessBase"]
[SourceDate "2017.03.02"]
[SourceVersion "1"]
[SourceVersionDate "2017.03.02"]
[SourceQuality "1"]

1. d4 c5 2. e3 Nf6 3. Nf3 b6 4. b3 Bb7 5. Bb2 g6 6. Nbd2 Bg7 7. Bd3 0-0 8. 0-0 d6 9. c4 e6 10. Re1 Nbd7 11. Qc2 Qc7 12. Rac1 a6 13. Bf1 Rfe8 14. Qb1 e5 15. d5 Bc8 16. e4 Nh5 17. g3 Ndf6 18. Bg2 Bh6 19. Rcd1 Bd7 20. Qc2 b5 21. Bc1 Reb8 22. Re2 a5 23. cxb5 Bxb5 24. Nc4 Bxc4 25. bxc4 Bxc1 26. Rxc1 a4 27. Ne1 Ng7 28. Nd3 Nd7 29. f4 a3 30. Rf1 Re8 31. Bh3 exf4 32. gxf4 Re7 33. Rfe1 Rae8 34. Qc3 Nh5 35. Bg4 Nhf6 36. Bf3 Ra8 37. e5 Ne8 38. exd6 Nxd6 1-0

[Event "Ceske Budejovice op"]
[Site "Ceske Budejovice"]
[Date "2016.06.27"]
[Round "4"]
[White "Hausner, Ivan"]
[Black "Polyakov, Maxim"]
[Result "1-0"]
[WhiteElo "2345"]
[BlackElo "2414"]
[PlyCount "93"]
[EventDate "2016.06.24"]
[EventType "swiss"]
[EventRounds "9"]
[EventCountry "CZE"]
[SourceTitle "EXT 2017"]
[Source "ChessBase"]
[SourceDate "2016.10.25"]
[SourceVersion "1"]
[SourceVersionDate "2016.10.25"]
[SourceQuality "1"]

1. c4 g6 2. d4 Bg7 3. Nc3 d6 4. e4 Nf6 5. f4 0-0 6. Nf3 e5 7. fxe5 dxe5 8. d5 c6 9. Bg5 h6 10. Bh4 Na6 11. Be2 Qa5 12. Nd2 Nc5 13. a3 g5 14. b4 Qc7 15. Bf2 Ncd7 16. 0-0 Re8 17. c5 Nf8 18. Nc4 Ng6 19. dxc6 bxc6 20. Qd6 Re7 21. Rfd1 Be6 22. Na5 Nf4 23. Ba6 Bg4 24. Qxc6 Qxc6 25. Nxc6 Rc7 26. Rd8+ Rxd8 27. Nxd8 Rd7 28. Nc6 Rd2 29. Ra2 Rxa2 30. Nxa2 Nxe4 31. Nxa7 Be6 32. Nc1 f5 33. c6 Nxf2 34. Kxf2 e4 35. Nb5 Bb2 36. Ne2 Nd3+ 37. Kf1 Bxa3 38. Nxa3 Nxb4 39. Nd4 Nxc6 40. Nxc6 Kg7 41. Nd4 Bd7 42. Bb7 Kf6 43. Nc4 h5 44. Kf2 h4 45. Ke3 h3 46. g3 Ke7 47. Nb6 1-0

[Event "Olkhovskiy Memorial rapid"]
[Site "Vinnytsia"]
[Date "2016.04.23"]
[Round "4"]
[White "Polivanov, Anatoliy"]
[Black "Polyakov, Maxim"]
[Result "1-0"]
[WhiteElo "2399"]
[BlackElo "2414"]
[PlyCount "107"]
[EventDate "2016.04.23"]
[EventType "swiss (rapid)"]
[EventRounds "13"]
[EventCountry "UKR"]
[SourceTitle "CBM 172 Extra"]
[Source "ChessBase"]
[SourceDate "2016.06.21"]
[SourceVersion "1"]
[SourceVersionDate "2016.06.21"]
[SourceQuality "1"]

1. e4 e5 2. Nf3 Nc6 3. Bb5 Nf6 4. d3 Bd6 5. c3 0-0 6. 0-0 Re8 7. Nbd2 Bf8 8. Re1 d6 9. Nf1 a6 10. Ba4 b5 11. Bc2 h6 12. d4 Bb7 13. d5 Ne7 14. b3 Ng6 15. c4 c5 16. dxc6 Bxc6 17. N3d2 Qb6 18. Ne3 Rad8 19. Nd5 Nxd5 20. exd5 Bd7 21. Ne4 bxc4 22. bxc4 Qc7 23. Qd3 f5 24. Qg3 Kh7 25. Bg5 Be7 26. Bxe7 Rxe7 27. c5 fxe4 28. Bxe4 Be8 29. c6 Qa5 30. h4 Kg8 31. Bxg6 Bxg6 32. Qxg6 Qxd5 33. Rac1 Qf7 34. Qd3 a5 35. Qa6 Ra7 36. Qb5 Rf8 37. Rc2 Qc7 38. Qd5+ Kh8 39. Rb1 Rc8 40. a4 Qd8 41. g3 Kh7 42. Rc4 Rac7 43. Rb7 Qg8 44. Qd3+ Kh8 45. Rxc7 Rxc7 46. Qxd6 Rc8 47. Rc5 Qd8 48. Qxd8+ Rxd8 49. Rxa5 Rd1+ 50. Kg2 Rc1 51. Ra8+ Kh7 52. Rc8 Ra1 53. c7 Rxa4 54. Rb8 1-0

[Event "Lutsk Nebesna Sotnya Memorial blitz"]
[Site "Lutsk"]
[Date "2015.02.20"]
[Round "8"]
[White "Budnikov, Oleg"]
[Black "Polyakov, Maxim"]
[Result "0-1"]
[WhiteElo "2373"]
[BlackElo "2437"]
[PlyCount "84"]
[EventDate "2015.02.20"]
[EventType "swiss (blitz)"]
[EventRounds "22"]
[EventCountry "UKR"]
[SourceTitle "CBM 165 Extra"]
[Source "ChessBase"]
[SourceDate "2015.04.21"]
[SourceVersion "1"]
[SourceVersionDate "2015.04.21"]
[SourceQuality "1"]

1. e4 c5 2. Nc3 d6 3. Nf3 Nf6 4. g3 g6 5. Bg2 Bg7 6. 0-0 e5 7. d3 0-0 8. h3 Nc6 9. Be3 Rb8 10. a4 a6 11. Qd2 b5 12. axb5 axb5 13. Bh6 b4 14. Ne2 Nd4 15. Nexd4 cxd4 16. Bxg7 Kxg7 17. b3 Qc7 18. Ra2 Bd7 19. Qe2 Rfc8 20. Nd2 Bb5 21. Nc4 Bxc4 22. dxc4 Nd7 23. Rfa1 Nc5 24. Kh2 d3 25. Qe3 dxc2 26. Rxc2 Ne6 27. h4 Qc5 28. Bh3 Nd4 29. Rca2 Rc7 30. Ra5 Qc6 31. Ra6 Rb6 32. Rxb6 Qxb6 33. f4 Ra7 34. Rxa7 Qxa7 35. Bg4 Qa2+ 36. Kh3 Qxb3 37. Qxb3 Nxb3 38. fxe5 dxe5 39. Kg2 Nc5 40. Bd1 Nxe4 41. Kf3 Nc5 42. Ke3 f5 0-1

[Event "Krakow op-A 25th"]
[Site "Krakow"]
[Date "2014.12.30"]
[Round "5"]
[White "Matuszewski, Michal"]
[Black "Polyakov, Maxim"]
[Result "1/2-1/2"]
[WhiteElo "2459"]
[BlackElo "2432"]
[PlyCount "111"]
[EventDate "2014.12.27"]
[EventType "swiss"]
[EventRounds "9"]
[EventCountry "POL"]
[SourceTitle "CBM 164 Extra"]
[Source "ChessBase"]
[SourceDate "2015.03.02"]
[SourceVersion "1"]
[SourceVersionDate "2015.03.02"]
[SourceQuality "1"]

1. d4 g6 2. Nf3 Bg7 3. e4 d6 4. c3 Nf6 5. Qc2 c6 6. Bg5 Bg4 7. Nbd2 Nbd7 8. Be2 h6 9. Be3 e5 10. dxe5 dxe5 11. h3 Be6 12. 0-0 Qc7 13. Rfd1 0-0 14. a4 b6 15. Bc4 Bxc4 16. Nxc4 Rfd8 17. b4 b5 18. axb5 cxb5 19. Nd6 a6 20. Qb3 Nf8 21. Bc5 Ne8 22. Nxe8 Rxe8 23. Rd6 Ne6 24. Rdxa6 Rxa6 25. Rxa6 Qb7 26. Rb6 Qxe4 27. Rxb5 Qd3 28. Rb7 e4 29. Ne1 Qxc3 30. Qxc3 Bxc3 31. Nc2 Nxc5 32. bxc5 Rc8 33. Rb5 Bg7 34. Nb4 Bf8 35. Na6 Rc6 36. Rb6 Rxc5 37. Nxc5 Bxc5 38. Rb5 Bd6 39. Kf1 Kg7 40. g4 Kf6 41. Ke2 Bf4 42. Rb4 Ke5 43. Rb6 Bg5 44. Rb7 f5 45. Rb6 fxg4 46. hxg4 Kf4 47. Rb4 Ke5 48. Kf1 h5 49. gxh5 gxh5 50. Kg2 h4 51. Ra4 Kf4 52. Ra8 Be7 53. Ra7 Bc5 54. Rh7 Kg4 55. Rg7+ Kf4 56. Rh7 1/2-1/2

[Event "Krakow op-A 25th"]
[Site "Krakow"]
[Date "2014.12.28"]
[Round "3"]
[White "Polyakov, Maxim"]
[Black "Janik, Igor"]
[Result "1-0"]
[WhiteElo "2432"]
[BlackElo "2182"]
[PlyCount "103"]
[EventDate "2014.12.27"]
[EventType "swiss"]
[EventRounds "9"]
[EventCountry "POL"]
[SourceTitle "CBM 164 Extra"]
[Source "ChessBase"]
[SourceDate "2015.03.02"]
[SourceVersion "1"]
[SourceVersionDate "2015.03.02"]
[SourceQuality "1"]

1. d4 Nf6 2. c4 g6 3. Nc3 Bg7 4. e4 d6 5. Nf3 0-0 6. Be2 Na6 7. 0-0 e5 8. Re1 c6 9. Be3 Ng4 10. Bg5 Qc7 11. h3 exd4 12. Nxd4 Qb6 13. Bxg4 Bxg4 14. hxg4 Bxd4 15. Be3 Bxe3 16. Rxe3 Qc5 17. Qe2 Rad8 18. Rd1 Rfe8 19. b3 Qe5 20. g3 Nc7 21. Kg2 Re6 22. Qd2 Qg5 23. Qe2 Qe7 24. Red3 b6 25. Qd2 Na6 26. Rd4 Nc5 27. f3 a5 28. Qc2 Na6 29. a3 Nc7 30. Qd2 Ne8 31. Rd3 Ng7 32. Qf2 Qc7 33. Ne2 Re5 34. Qd4 Ne6 35. Qb2 Qe7 36. Nc3 Nc5 37. R3d2 Re6 38. b4 axb4 39. axb4 Nd7 40. b5 Ne5 41. bxc6 Nxc4 42. Nd5 Qg5 43. Qd4 Nxd2 44. Rxd2 f5 45. Nf4 Re7 46. Qc4+ Kh8 47. Qc3+ Kg8 48. Nd5 Rf7 49. c7 Rc8 50. f4 Qxg4 51. e5 dxe5 52. Qxe5 1-0

[Event "Kirov Arakelian Memorial-A 4th"]
[Site "Kirov"]
[Date "2014.05.04"]
[Round "7"]
[White "Polyakov, Maxim"]
[Black "Bulavin, Alexander"]
[Result "1/2-1/2"]
[WhiteElo "2436"]
[BlackElo "2189"]
[PlyCount "160"]
[EventDate "2014.04.30"]
[EventType "tourn"]
[EventRounds "9"]
[EventCountry "RUS"]
[EventCategory "1"]
[SourceTitle "CBM 160 Extra"]
[Source "ChessBase"]
[SourceDate "2014.07.01"]
[SourceVersion "1"]
[SourceVersionDate "2014.07.01"]
[SourceQuality "1"]

1. d4 Nf6 2. c4 e6 3. Nc3 Bb4 4. Qc2 d6 5. Nf3 Nbd7 6. a3 Bxc3+ 7. Qxc3 0-0 8. e3 b6 9. Be2 Bb7 10. 0-0 Ne4 11. Qc2 a5 12. b3 f5 13. Ne1 Qe7 14. f3 Nef6 15. Bd3 Rae8 16. b4 Ra8 17. Rb1 Ra7 18. e4 fxe4 19. fxe4 e5 20. d5 h6 21. Qe2 Rf7 22. Be3 Rf8 23. Nf3 Kh7 24. Nh4 g6 25. g3 Raa8 26. Ng2 Kg7 27. Qc2 Ng4 28. Bd2 axb4 29. axb4 Rxf1+ 30. Rxf1 Rf8 31. Qd1 Rxf1+ 32. Qxf1 Qf8 33. Qxf8+ Nxf8 34. h3 Nf6 35. Kf2 h5 36. Nh4 Bc8 37. Kg2 Bd7 38. c5 bxc5 39. bxc5 c6 40. cxd6 cxd5 41. exd5 Nxd5 42. Nf3 Kf6 43. Ng5 Bf5 44. Bc4 Nb6 45. Bb3 Ne6 46. h4 Nxg5 47. hxg5+ Kg7 48. Bc3 Nd7 49. Kf2 Kf8 50. Ke3 Ke8 51. Bd5 Nb6 52. Bc6+ Bd7 53. Be4 Nc4+ 54. Kd3 Nxd6 55. Bxg6+ Kf8 56. Bxe5 Nf7 57. Bf6 Be8 58. Ke3 Nxg5 59. Bf5 Nf7 60. Kf4 Ba4 61. Bg6 Bd1 62. Ke3 Nh6 63. Kd4 Bg4 64. Ke5 Nf7+ 65. Kf4 Bd1 66. Be4 Bg4 67. Bd5 Kg8 68. Bc3 Kf8 69. Bb3 Kg8 70. Ke4 Kf8 71. Kd5 Ke7 72. Ke4 Kf8 73. Bf6 Ke8 74. Bg7 Ke7 75. Ba4 Ke6 76. Kf4 Ke7 77. Bb2 Ke6 78. Bb3+ Ke7 79. Bg7 Ke8 80. Bc2 Ke7 1/2-1/2

[Event "Kirov Arakelian Memorial-A 4th"]
[Site "Kirov"]
[Date "2014.05.01"]
[Round "3"]
[White "Polyakov, Maxim"]
[Black "Tsarukian, Elis"]
[Result "1/2-1/2"]
[WhiteElo "2436"]
[BlackElo "2202"]
[PlyCount "25"]
[EventDate "2014.04.30"]
[EventType "tourn"]
[EventRounds "9"]
[EventCountry "RUS"]
[EventCategory "1"]
[SourceTitle "CBM 160 Extra"]
[Source "ChessBase"]
[SourceDate "2014.07.01"]
[SourceVersion "1"]
[SourceVersionDate "2014.07.01"]
[SourceQuality "1"]

1. d4 Nf6 2. c4 g6 3. Nc3 Bg7 4. e4 d6 5. Nf3 0-0 6. Be2 e5 7. dxe5 dxe5 8. Qxd8 Rxd8 9. Bg5 Re8 10. Nd5 Nxd5 11. cxd5 c6 12. Bc4 b5 13. Bb3 1/2-1/2